| 000 | 01727cam a2200313 i 4500 | ||
|---|---|---|---|
| 001 | 991025450837507026 | ||
| 003 | UkOxU | ||
| 005 | 20260304123448.0 | ||
| 007 | t| | ||
| 008 | 230201s2023 enk a b 001|0 eng|d | ||
| 015 |
_aGBC375524 _2bnb |
||
| 016 | 7 |
_a021025941 _2Uk |
|
| 020 |
_a9781529112115 _qpaperback |
||
| 035 | _a(Uk)021025941 | ||
| 035 | _a(UkMaC)549686545 | ||
| 040 |
_aStDuBDS _beng _cStDuBDS _erda _dUkOxU |
||
| 041 | _aEnglish | ||
| 100 |
_aYong, Ed, _eauthor. _1https://isni.org/isni/0000000460259997 _926763 |
||
| 245 | 1 | 3 |
_aAn immense world _b: how animal senses reveal the hidden realms around us _c/ Ed Yong. |
| 264 | 1 |
_a[London] : _bVintage, _c2023. |
|
| 300 |
_ax, 449 pages, 16 unnumbered pages of plates : _billustrations (chiefly colour) ; _c20 cm |
||
| 500 | _aOriginally published: London: The Bodley Head, 2022. | ||
| 500 | _aPlace of publication inferred from publisher's website, accessed December 2023. | ||
| 504 | _aIncludes bibliographical references (pages 385-429) and index. | ||
| 520 | _aThis is our world, as you've never seen it before. The Earth teems with sights and textures, sounds and vibrations, smells and tastes, electric and magnetic fields. But every animal is enclosed within its own unique sensory bubble, perceiving only a tiny sliver of this world. In An Immense World, Ed Yong coaxes us beyond the confines of our own senses, welcoming us into previously unfathomable dimensions - the world as it is truly perceived by other animals. Showing us that in order to understand our world we don't need to travel to other places; we need to see through other eyes. | ||
| 650 | 0 |
_aAnimal behavior _910659 |
|
| 650 | 0 |
_aSenses and sensation _911627 |
|
| 942 | _2lcc | ||
| 999 |
_c5371 _d5371 |
||